000 01368nam1a2200325 i 4500
001 RU\NLR\BIBL_A\011863942
005 20260607064048.0
010 _a9785090681100
_91000
035 _a(RuMoRGB)009784423
035 _a(NLR Aleph) 011863942
090 _a12168592
_c12168592
100 _a20181115d2019 c y0rusy50 ca
101 0 _arus
102 _aRU
105 _a||||j||||||||
200 1 _aРусский язык
_e2 класс
_eучебник для общеобразовательных организаций
_eв двух частях
_fЛ. Ф. Климанова, Т. В. Бабушкина
205 _a8-е изд.
210 _aМосква
_cПросвещение
_d2019 [т.е. 2018]
215 _d26
225 1 _aФГОС
225 1 _aПерспектива
300 _aКн. фактически изд. в 2018 г.
606 _aРусский язык
_jУчебники для начальной школы
_91533567
_3RU\NLR\AUTH\66969347
686 3 _aШ141.12-922.1[2]
700 1 _8rus
_7ca
_aКлиманова
_bЛ. Ф.
_gЛюдмила Федоровна
_3RU\NLR\AUTH\7722910
_95965
701 1 _7ca
_8rus
_aБабушкина
_bТ. В.
_f1950-
_gТатьяна Владимировна
_993065
_3RU\NLR\AUTH\77110140
852 _aNLR
_j2018-7/6486
942 _cBOOK